Los Reyes Católicos en la documentación albacetense (1476-1504) (Record no. 88990)

MARC details
000 -LEADER
campo de control de longitud fija 01149nam a2200289 i 4500
001 - NÚMERO DE CONTROL
campo de control 88990
003 - IDENTIFICADOR DE NÚMERO DE CONTROL
campo de control ES-MaACL
005 - FECHA Y HORA DE LA ÚLTIMA TRANSACCIÓN
campo de control 20230906180015.0
007 - CAMPO FIJO DE DESCRIPCIÓN FÍSICA--INFORMACIÓN GENERAL
campo de control de longitud fija t|
008 - DATOS DE LONGITUD FIJA--INFORMACIÓN GENERAL
campo de control de longitud fija 050121s2004 sp ||||1| spa d
020 ## - NÚMERO INTERNACIONAL ESTÁNDAR DEL LIBRO
Número Internacional Estándar del Libro 84-95394-64-2
080 ## - NÚMERO DE LA CLASIFICACIÓN DECIMAL UNIVERSAL
Número de la Clasificación Decimal Universal 929 Isabel I, Reina de España
080 ## - NÚMERO DE LA CLASIFICACIÓN DECIMAL UNIVERSAL
Número de la Clasificación Decimal Universal 929 Fernando V, Rey de España
080 ## - NÚMERO DE LA CLASIFICACIÓN DECIMAL UNIVERSAL
Número de la Clasificación Decimal Universal 946.0288"14/15"(093)
100 1# - ENTRADA PRINCIPAL--NOMBRE DE PERSONA
Nombre de persona Carrilero Martínez, Ramón.
9 (RLIN) 35754
245 14 - MENCIÓN DEL TÍTULO
Título Los Reyes Católicos en la documentación albacetense (1476-1504)
Resto del título : fondo del archivo histórico provincial /
Mención de responsabilidad, etc. Ramón Carrilero Martínez.
260 ## - PUBLICACIÓN, DISTRIBUCIÓN, ETC.
Lugar de publicación, distribución, etc. Albacete :
Nombre del editor, distribuidor, etc. Instituto de Estudios Albacetenses "Don Juan Manuel",
Fecha de publicación, distribución, etc. 2004.
300 ## - DESCRIPCIÓN FÍSICA
Extensión 306 p. ;
Dimensiones 24 cm.
490 1# - MENCIÓN DE SERIE
Mención de serie Serie O-- Corpus, documenta y bibliografía ;
Designación de volumen o secuencia 19
600 04 - PUNTO DE ACCESO ADICIONAL DE MATERIA--NOMBRE DE PERSONA
Nombre de persona Isabel
Numeración I,
Títulos y otros términos asociados al nombre Reina de Castilla.
9 (RLIN) 175419
600 14 - PUNTO DE ACCESO ADICIONAL DE MATERIA--NOMBRE DE PERSONA
Nombre de persona Fernando
Numeración V
Títulos y otros términos asociados al nombre Rey de España.
9 (RLIN) 50204
651 #4 - PUNTO DE ACCESO ADICIONAL DE MATERIA--NOMBRE GEOGRÁFICO
Nombre geográfico Albacete (Provincia)-
Subdivisión general Historia-
Subdivisión cronológica S.XV-XVI-
Subdivisión de forma Fuentes.
9 (RLIN) 7636
710 2# - ENTRADA AGREGADA--NOMBRE DE ENTIDAD CORPORATIVA
Nombre de entidad corporativa o nombre de jurisdicción como elemento de entrada Instituto de Estudios Albacetenses.
9 (RLIN) 4884
830 0# - PUNTO DE ACCESO ADICIONAL DE SERIE-TÍTULO UNIFORME
Título uniforme Serie O-- Corpus, documenta y bibliografía ;
Designación de volumen o secuencia 19
9 (RLIN) 231860
852 ## - LOCALIZACIÓN
Ubicación ES-MaACL
Número de control de estantería L-28620
Sublocalización o colección R.134899
Holdings
Estatus retirado Estado de pérdida Estado de daño No para préstamo Biblioteca de origen Biblioteca actual Ubicación en estantería Fecha de adquisición Fuente de adquisición Total de préstamos Signatura topográfica completa Código de barras Visto por última vez Precio de reemplazo Tipo de ítem Koha
        Biblioteca del Ateneo de Madrid Biblioteca del Ateneo de Madrid Depósito 2 17/01/2008     L-28620 1092944 23/02/2023 23/02/2023 Libro impreso